000 00692nam a22002177a 4500
005 20240530110428.0
008 150328s2010 ua g 000 f ara d
017 _a2003/3068
_bمصر . دار الكتب المصرية
020 _a977090919x
040 _aEG-CaGPL
082 0 4 _221
_a813.01\
_bى ق
100 0 _aيوسف القعيد
245 1 0 _aقطار الصعيد /
_cيوسف القعيد
250 _aط2.
260 _aالقاهرة :
_bدار الشروق ،
_c2010
300 _a223 ص ؛
_c20 سم
650 0 4 _aالقصص العربية القصيرة
650 0 4 _aالقصص العربية
942 _2ddc
_cBK
999 _c60791
_d60791